| 000 | 00384 a2200121 4500 | ||
|---|---|---|---|
| 001 | ART_12846 | ||
| 005 | 20260410161733.0 | ||
| 008 | 260409a | ||
| 245 | 1 | 0 | _aImpuestos a los sellos y otros temas frente a la hiperinflación |
| 100 | 1 | _aLlanos, Eduardo | |
| 700 | 1 | _aTomá, Pascual R. | |
| 773 | 0 |
_tEjecutivos de finanzas _g- Año 7, Nº 58 (ago. 1989) _wREV2863 |
|
| 999 |
_c18075 _d18075 |
||